000 01279nam0a22002771 4500
001 rc\3387580
005 20250609224436.0
021 _aRU
_b[71-4397]
035 _a(NLR Aleph) 007537186
090 _a7772955
_c7772955
100 _a20130115d1970 |||y0rusy50 ca
101 0 _arus
102 _aRU
105 _ay z |||h|
200 1 _aРазвитие русской речи учащихся в связи с изучением имен существительных
_e(Метод. пособие для учителей IV-V кл. башк. школы, работающих по новой программе)
_fМ-во просвещения РСФСР. Науч.-исслед. ин-т нац. школ. Башк. филиал
210 _aУфа
_cБашкнигоиздат
_d1970
215 _a146 с.
_d20
320 _aБиблиогр.: с. 144-145
606 _aИмя существительное в русском языке
_2psbo
606 _aРусский язык
_jМетодические пособия для нерусских школ
_2psbo
700 1 _aАльмухаметов
_bР.В.
_gРашит Валиахметович
801 0 _aRU
_bNLR
_gpsbo
801 1 _aRU
_bELAR
_2rusmarc
852 _aNLR
_j71-3/281
942 _cBOOK
980 _aNB